Тайны рождения, любви и смерти (Запись № 13717805)
[ простой вид ]
| 000 -МАРКЕР | |
|---|---|
| контрольное поле | 02516nam0a2200385 4500 |
| 001 - ИДЕНТИФИКАТОР ЗАПИСИ | |
| контрольное поле | RU\NLR\BIBL_A\022768083 |
| 005 - ИДЕНТИФИКАТОР ВЕРСИИ | |
| контрольное поле | 20260531100201.0 |
| 010 ## - МЕЖДУНАРОДНЫЙ СТАНДАРТНЫЙ НОМЕР КНИГИ (ISBN) | |
| Номер (ISBN) | 978-5-00228-524-2 |
| 021 ## - НОМЕР ГОСУДАРСТВЕННОЙ РЕГИСТРАЦИИ | |
| Код страны | Российская Федерация |
| Номер | КН-П-26-008162 |
| Номер Листа государственной регистраци | КН-П-26-0784 |
| 035 ## - ДРУГИЕ СИСТЕМНЫЕ НОМЕРА | |
| Идентификатор записи | (NLR Aleph) 022768083 |
| 100 ## - ДАННЫЕ ОБЩЕЙ ОБРАБОТКИ | |
| Данные общей обработки | 20260327d2026 u y0rusy50 ca |
| 101 2# - ЯЗЫК РЕСУРСА | |
| Язык текста, звукозаписи и т.д. | русский |
| Язык оригинала | английский |
| -- | французский |
| 102 ## - СТРАНА ПУБЛИКАЦИИ ИЛИ ПРОИЗВОДСТВА | |
| Страна публикации | Российская Федерация |
| 105 ## - ПОЛЕ КОДИРОВАННЫХ ДАННЫХ: ТЕКСТОВЫЕ МАТЕРИАЛЫ, МОНОГРАФИЧЕСКИЕ | |
| Кодированные данные о монографическом текстовом документе | a z 000yy |
| 181 #0 - ПОЛЕ КОДИРОВАННЫХ ДАННЫХ: ВИД СОДЕРЖАНИЯ | |
| Код вида содержания (ISBD) | i3 |
| Код характеристики содержания (ISBD) | axxe |
| 182 #0 - ПОЛЕ КОДИРОВАННЫХ ДАННЫХ: ТИП СРЕДСТВА | |
| Код типа средства (ISBD) | n - непосредственное |
| 200 1# - ЗАГЛАВИЕ И СВЕДЕНИЯ ОБ ОТВЕТСТВЕННОСТИ | |
| Основное заглавие | Тайны рождения, любви и смерти |
| Сведения, относящиеся к заглавию | оккультизм для начинающих |
| -- | сборник |
| Первые сведения об ответственности | Уильям Дауэр, Сент-Ив д'Альвейдр, Даниил Святский |
| 203 ## - ВИД СОДЕРЖАНИЯ И ТИП СРЕДСТВА | |
| Вид содержания | Текст |
| -- | Изображение |
| Дополнительные сведения об издании | визуальные |
| Тип средства | непосредственные |
| 210 ## - ПУБЛИКАЦИЯ, РАСПРОСТРАНЕНИЕ И ДР. | |
| Место издания, распространения и т.д. | Москва |
| Имя издателя, распространителя и т. д. | Книга, Амрита-Русь |
| Дата издания, распространения и т.д. | 2026 |
| 215 ## - ФИЗИЧЕСКАЯ ХАРАКТЕРИСТИКА | |
| Специфическое обозначение материала и объем | 330, [1] с. |
| Размеры | 20 |
| 225 1# - СЕРИЯ | |
| Основное заглавие серии | Библиотека мага и алхимика |
| 327 1# - ПРИМЕЧАНИЯ О СОДЕРЖАНИИ | |
| Текст примечания | Содерж.: Оккультизм для начинающих / Уильям Дауэр. Ключи Востока / Сент-Ив д'Альвейдр. Под сводом хрустального неба / Даниил Святский |
| 464 #0 - АНАЛИТИЧЕСКИЙ УРОВЕНЬ | |
| Встроенное поле | 2001#$aОккультизм для начинающих |
| -- | 700#1$aДауэр$bУ.$f1866-1937$gУильям |
| Заглавие | Оккультизм для начинающих |
| Автор | Дауэр, Уильям (1866-1937) |
| 464 #0 - АНАЛИТИЧЕСКИЙ УРОВЕНЬ | |
| Встроенное поле | 2001#$aКлючи Востока |
| -- | 700#1$aСент-Ив д'Альвейдр$bА.$f1842-1909$gАлександр$3RU\NLR\AUTH\7719444 |
| Заглавие | Ключи Востока |
| Автор | Сент-Ив д'Альвейдр, Александр (1842-1909) |
| 464 #0 - АНАЛИТИЧЕСКИЙ УРОВЕНЬ | |
| Встроенное поле | 2001#$aПод сводом хрустального неба |
| -- | 700#1$aСвятский$bД. О.$f1881-1940$gДаниил Осипович |
| Заглавие | Под сводом хрустального неба |
| Автор | Святский, Даниил Осипович (1881-1940) |
| 606 1# - НАИМЕНОВАНИЕ ТЕМЫ КАК ПРЕДМЕТ | |
| Наименование темы | Оккультизм |
| Формальный подзаголовок | Сборники |
| Системный номер авторитетной/нормативной записи | 1388572 |
| Идентификатор авторитетной/нормативной записи | RU\NLR\AUTH\66270145 |
| 686 1# - ИНДЕКСЫ ДРУГИХ КЛАССИФИКАЦИЙ | |
| Индекс | Э391.4я43 |
| 700 #1 - ИМЯ ЛИЦА - ПЕРВИЧНАЯ ОТВЕТСТВЕННОСТЬ | |
| Начальный элемент ввода | Дауэр |
| Часть имени, кроме начального элемента ввода | У. |
| Даты | 1866-1937 |
| Расширение инициалов личного имени | Уильям |
| 701 #1 - ИМЯ ЛИЦА - АЛЬТЕРНАТИВНАЯ ОТВЕТСТВЕННОСТЬ | |
| Графика поля | Кириллица |
| Материалы, к которым относится поле | rus |
| Начальный элемент ввода | Сент-Ив д'Альвейдр |
| Часть имени, кроме начального элемента ввода | А. |
| Даты | 1842-1909 |
| Расширение инициалов личного имени | Александр |
| Системный номер авторитетной/нормативной записи | 2516 |
| Идентификатор авторитетной/нормативной записи | RU\NLR\AUTH\7719444 |
| 701 #1 - ИМЯ ЛИЦА - АЛЬТЕРНАТИВНАЯ ОТВЕТСТВЕННОСТЬ | |
| Начальный элемент ввода | Святский |
| Часть имени, кроме начального элемента ввода | Д. О. |
| Даты | 1881-1940 |
| Расширение инициалов личного имени | Даниил Осипович |
| 942 ## - ДОПОЛНИТЕЛЬНЫЕ ЭЛЕМЕНТЫ ЗАПИСИ (АБИС) | |
| Тип экземпляра АБИС | Книга |
| 980 ## - КОЛЛЕКЦИЯ | |
| Название коллекции | Национальная библиография |
Нет доступных экземпляров.